[Event "Deutsche Ländermeisterschaft 2014"]
[Site "Hannover GER"]
[Date "2014.10.06"]
[Round "6"]
[White "Krause, Jonah"]
[Black "Richter, Leonard"]
[Result "1-0"]
[Termination "normal"]
[Board "5.2"]
[WhiteElo "2148"]
[BlackElo "2130"]
[WhiteClock "00:11:18"]
[BlackClock "00:01:08"]
[WhiteTeam "Schleswig-Holstein"]
[BlackTeam "Sachsen"]
[PlyCount "173"]
[WhiteFideId "12907910"]
[BlackFideId "12900290"]
[EventCountry "GER"]
[EventRounds "7"]
[EventType "team-swiss"]
[EventDate "2014.10.02"]

1. d4 {[%clk 1:30:59]} Nf6 {[%clk 1:30:54]} 2. c4 c5 {[%clk 1:31:19]} 3. d5
{[%clk 1:31:24]} b5 {[%clk 1:31:43]} 4. cxb5 {[%clk 1:31:15]} a6 {[%clk
1:32:06]} 5. b6 {[%clk 1:31:42]} d6 {[%clk 1:32:15]} 6. Nc3 {[%clk 1:32:05]}
Nbd7 {[%clk 1:32:19]} 7. Nf3 {[%clk 1:31:59]} g6 {[%clk 1:32:16]} 8. e4 {[%clk
1:30:45]} Bg7 {[%clk 1:32:02]} 9. Nd2 Rb8 {[%clk 1:24:28]} 10. Be2 {[%clk
1:29:13]} O-O {[%clk 1:23:44]} 11. O-O {[%clk 1:28:49]} Nxb6 {[%clk 1:20:42]}
12. a4 {[%clk 1:24:28]} Ne8 {[%clk 1:08:17]} 13. Kh1 {[%clk 1:19:17]} Nd7
{[%clk 0:56:22]} 14. f4 {[%clk 1:09:03]} f5 {[%clk 0:43:43]} 15. exf5 {[%clk
1:04:43]} gxf5 {[%clk 0:43:04]} 16. Nc4 {[%clk 1:00:28]} Ndf6 {[%clk 0:29:30]}
17. Qc2 {[%clk 0:57:33]} Nc7 {[%clk 0:21:07]} 18. Ne3 {[%clk 0:51:01]} Ng4
{[%clk 0:21:09]} 19. Nxg4 {[%clk 0:43:35]} fxg4 {[%clk 0:21:33]} 20. Bd3 {[%clk
0:40:55]} h6 {[%clk 0:20:02]} 21. f5 {[%clk 0:39:12]} Qe8 {[%clk 0:17:43]} 22.
Bf4 {[%clk 0:34:11]} Qh5 {[%clk 0:15:22]} 23. Bg3 {[%clk 0:33:48]} Bd7 {[%clk
0:12:07]} 24. Rae1 {[%clk 0:33:38]} Qf7 {[%clk 0:10:45]} 25. Qe2 {[%clk
0:30:44]} Bf6 {[%clk 0:10:00]} 26. Qxg4+ {[%clk 0:29:42]} Qg7 {[%clk 0:10:10]}
27. Qe2 {[%clk 0:28:33]} Rxb2 {[%clk 0:10:11]} 28. Qxb2 {[%clk 0:28:40]} Bxc3
{[%clk 0:10:34]} 29. f6 {[%clk 0:22:32]} Rxf6 {[%clk 0:10:01]} 30. Qb8+ {[%clk
0:22:21]} Ne8 {[%clk 0:10:15]} 31. Rxf6 {[%clk 0:20:37]} Qxf6 {[%clk 0:10:35]}
32. Rf1 {[%clk 0:20:06]} Qd4 {[%clk 0:10:16]} 33. Bg6 {[%clk 0:17:52]} Qxa4
{[%clk 0:09:45]} 34. Qd8 {[%clk 0:13:40]} Bf6 {[%clk 0:08:13]} 35. h3 {[%clk
0:13:11]} Bg5 {[%clk 0:04:51]} 36. h4 {[%clk 0:09:32]} Bxh4 {[%clk 0:02:18]}
37. Bxe8 {[%clk 0:09:38]} Bxe8 {[%clk 0:02:26]} 38. Rf4 {[%clk 0:09:41]} Qd1+
{[%clk 0:01:24]} 39. Kh2 {[%clk 0:10:10]} Bxg3+ {[%clk 0:01:45]} 40. Kxg3
{[%clk 0:10:34]} Qh5 {[%clk 0:00:37]} 41. Qxe7 {[%clk 0:10:27]} Bf7 {[%clk
0:29:29]} 42. Rg4+ {[%clk 0:37:14]} Kh7 {[%clk 0:25:43]} 43. Qxd6 {[%clk
0:31:41]} Bxd5 {[%clk 0:20:43]} 44. Qe7+ {[%clk 0:31:02]} Qf7 {[%clk 0:20:46]}
45. Qxc5 {[%clk 0:31:09]} Be6 {[%clk 0:19:56]} 46. Rf4 {[%clk 0:30:35]} Qg6+
{[%clk 0:18:38]} 47. Kh2 {[%clk 0:30:26]} Bf7 {[%clk 0:17:55]} 48. Rf5 {[%clk
0:26:30]} Kg8 {[%clk 0:14:40]} 49. Re5 {[%clk 0:26:01]} Qf6 {[%clk 0:14:11]}
50. Qd4 {[%clk 0:25:16]} Kg7 {[%clk 0:12:39]} 51. Qg4+ {[%clk 0:24:53]} Kh7
{[%clk 0:12:29]} 52. Qe4+ {[%clk 0:24:39]} Kg7 {[%clk 0:12:52]} 53. Qg4+ {[%clk
0:21:07]} Kh7 {[%clk 0:13:05]} 54. Qg3 {[%clk 0:21:16]} Qg6 {[%clk 0:10:50]}
55. Qf4 {[%clk 0:21:44]} Kg7 {[%clk 0:09:29]} 56. Rf5 {[%clk 0:21:37]} Qe6
{[%clk 0:05:12]} 57. Qd4+ {[%clk 0:21:44]} Kh7 {[%clk 0:04:30]} 58. Rf6 {[%clk
0:21:37]} Qc4 {[%clk 0:04:07]} 59. Qe5 {[%clk 0:21:06]} Qd5 {[%clk 0:04:13]}
60. Qxd5 {[%clk 0:19:31]} Bxd5 {[%clk 0:04:37]} 61. Rxa6 {[%clk 0:19:46]} Bc4
{[%clk 0:04:11]} 62. Rb6 {[%clk 0:20:15]} Kg7 {[%clk 0:04:15]} 63. Kg3 {[%clk
0:20:37]} Bf7 {[%clk 0:04:42]} 64. Kf4 {[%clk 0:20:59]} Bg6 {[%clk 0:04:20]}
65. Ke5 {[%clk 0:20:50]} Bc2 {[%clk 0:03:26]} 66. Rb4 {[%clk 0:20:54]} Kg6
{[%clk 0:02:20]} 67. Rb8 {[%clk 0:19:50]} Kg7 {[%clk 0:02:18]} 68. Rb2 {[%clk
0:19:26]} Bd3 {[%clk 0:02:42]} 69. Rb3 {[%clk 0:19:36]} Bc2 {[%clk 0:03:02]}
70. Rc3 {[%clk 0:19:01]} Bb1 {[%clk 0:03:26]} 71. Rc4 {[%clk 0:18:52]} Bd3
{[%clk 0:03:42]} 72. Rb4 {[%clk 0:14:21]} Kf7 {[%clk 0:03:07]} 73. Rf4+ {[%clk
0:14:30]} Kg6 {[%clk 0:02:57]} 74. Rg4+ {[%clk 0:13:23]} Kf7 {[%clk 0:03:08]}
75. Rf4+ {[%clk 0:12:15]} Kg6 {[%clk 0:03:33]} 76. Rf6+ {[%clk 0:12:29]} Kg5
{[%clk 0:02:04]} 77. Rb6 {[%clk 0:12:37]} Bc2 {[%clk 0:01:59]} 78. Rb2 {[%clk
0:12:55]} Bd3 {[%clk 0:02:16]} 79. Rb3 {[%clk 0:13:04]} Be2 {[%clk 0:01:23]}
80. Rg3+ {[%clk 0:12:14]} Bg4 {[%clk 0:01:20]} 81. Ke4 {[%clk 0:12:15]} h5
{[%clk 0:01:39]} 82. Rb3 {[%clk 0:10:42]} Bf5+ {[%clk 0:02:01]} 83. Ke5 {[%clk
0:10:32]} Bg4 {[%clk 0:01:32]} 84. Rb8 {[%clk 0:10:28]} Be2 {[%clk 0:01:08]}
85. Rg8+ {[%clk 0:10:48]} Kh4 {[%clk 0:01:35]} 86. Kf4 {[%clk 0:10:58]} Bf1
{[%clk 0:01:08]} 87. Rg3 {[%clk 0:11:18]} 1-0

[Event "Deutsche Ländermeisterschaft 2014"]
[Site "Hannover GER"]
[Date "2014.10.06"]
[Round "6"]
[White "Urban, Konstantin"]
[Black "Kololli, Kevin"]
[Result "1-0"]
[Termination "normal"]
[Board "5.3"]
[WhiteElo "1991"]
[BlackElo "2161"]
[WhiteClock "00:20:55"]
[BlackClock "00:45:38"]
[WhiteTeam "Sachsen"]
[BlackTeam "Schleswig-Holstein"]
[PlyCount "99"]
[WhiteFideId "12927511"]
[BlackFideId "12936863"]
[EventCountry "GER"]
[EventRounds "7"]
[EventType "team-swiss"]
[EventDate "2014.10.02"]

1. e4 {[%clk 1:30:58]} c5 {[%clk 1:30:51]} 2. Nf3 {[%clk 1:31:23]} d6 {[%clk
1:31:12]} 3. d4 {[%clk 1:31:49]} cxd4 {[%clk 1:31:33]} 4. Nxd4 {[%clk 1:32:14]}
Nf6 {[%clk 1:31:53]} 5. Nc3 {[%clk 1:32:39]} g6 {[%clk 1:32:12]} 6. Be3 {[%clk
1:32:49]} Bg7 {[%clk 1:32:33]} 7. f3 {[%clk 1:33:08]} O-O {[%clk 1:32:54]} 8.
Bc4 {[%clk 1:33:05]} Nc6 {[%clk 1:33:11]} 9. Qd2 {[%clk 1:33:08]} Nxd4 {[%clk
1:33:29]} 10. Bxd4 {[%clk 1:33:33]} Be6 {[%clk 1:33:49]} 11. Bb3 {[%clk
1:33:42]} Qa5 {[%clk 1:34:04]} 12. O-O-O {[%clk 1:33:51]} Rfc8 {[%clk 1:34:23]}
13. Kb1 {[%clk 1:34:03]} b5 {[%clk 1:34:31]} 14. Bxf6 {[%clk 1:33:50]} Bxf6
{[%clk 1:34:49]} 15. Nd5 {[%clk 1:34:06]} Qxd2 {[%clk 1:35:09]} 16. Nxf6+
{[%clk 1:34:27]} Kg7 {[%clk 1:35:29]} 17. Nh5+ {[%clk 1:34:44]} gxh5 {[%clk
1:35:40]} 18. Rxd2 {[%clk 1:35:08]} Kf6 {[%clk 1:33:35]} 19. Bxe6 {[%clk
1:28:45]} fxe6 {[%clk 1:33:50]} 20. Re1 {[%clk 1:18:57]} Rc5 {[%clk 1:29:59]}
21. Ree2 {[%clk 1:10:54]} Rg8 {[%clk 1:27:33]} 22. Kc1 {[%clk 1:08:08]} h4
{[%clk 1:25:23]} 23. a3 {[%clk 0:58:16]} Rg7 {[%clk 1:15:14]} 24. Kd1 {[%clk
0:54:34]} Ke5 {[%clk 1:14:44]} 25. Ke1 {[%clk 0:49:32]} Rc8 {[%clk 0:57:39]}
26. Kf1 {[%clk 0:42:24]} Rf8 {[%clk 0:55:56]} 27. h3 {[%clk 0:39:29]} Rb8
{[%clk 0:53:58]} 28. c3 {[%clk 0:37:46]} Rgg8 {[%clk 0:51:59]} 29. Rd4 {[%clk
0:36:00]} a5 {[%clk 0:51:53]} 30. f4+ {[%clk 0:28:24]} Kxf4 {[%clk 0:46:08]}
31. e5+ {[%clk 0:28:37]} Kf5 {[%clk 0:46:25]} 32. Rxh4 {[%clk 0:28:04]} Rg7
{[%clk 0:44:39]} 33. exd6 {[%clk 0:24:41]} exd6 {[%clk 0:44:57]} 34. Rf2+
{[%clk 0:24:37]} Kg6 {[%clk 0:43:03]} 35. Rg4+ {[%clk 0:24:56]} Kh6 {[%clk
0:43:25]} 36. Rf6+ {[%clk 0:23:51]} Rg6 {[%clk 0:43:47]} 37. Rgxg6+ {[%clk
0:24:13]} hxg6 {[%clk 0:44:10]} 38. Rxe6 {[%clk 0:24:38]} b4 {[%clk 0:44:03]}
39. axb4 {[%clk 0:24:36]} d5 {[%clk 0:43:33]} 40. bxa5 {[%clk 0:18:11]} Rxb2
{[%clk 0:43:55]} 41. Re2 {[%clk 0:18:10]} Rb3 {[%clk 0:43:30]} 42. Ra2 {[%clk
0:18:25]} Rxc3 {[%clk 0:43:33]} 43. a6 {[%clk 0:18:48]} Rc8 {[%clk 0:43:58]}
44. a7 {[%clk 0:19:02]} Ra8 {[%clk 0:44:20]} 45. Ke2 {[%clk 0:19:25]} Kg5
{[%clk 0:44:42]} 46. Kd3 {[%clk 0:19:48]} Kf5 {[%clk 0:45:02]} 47. Kd4 {[%clk
0:20:13]} Ke6 {[%clk 0:45:21]} 48. Ra6+ {[%clk 0:20:36]} Kd7 {[%clk 0:45:16]}
49. Rxg6 {[%clk 0:20:38]} Kc7 {[%clk 0:45:38]} 50. Ra6 {[%clk 0:20:55]} 1-0

[Event "Deutsche Ländermeisterschaft 2014"]
[Site "Hannover GER"]
[Date "2014.10.06"]
[Round "6"]
[White "Kololli, Martin"]
[Black "Zienert, Richard"]
[Result "1-0"]
[Termination "normal"]
[Board "5.4"]
[WhiteElo "2200"]
[BlackElo "1996"]
[WhiteClock "00:33:12"]
[BlackClock "00:24:16"]
[WhiteTeam "Schleswig-Holstein"]
[BlackTeam "Sachsen"]
[PlyCount "85"]
[WhiteFideId "12936910"]
[BlackFideId "12945986"]
[EventCountry "GER"]
[EventRounds "7"]
[EventType "team-swiss"]
[EventDate "2014.10.02"]

1. e4 {[%clk 1:30:57]} c5 {[%clk 1:30:55]} 2. c3 {[%clk 1:31:22]} e6 {[%clk
1:31:06]} 3. d4 {[%clk 1:31:23]} d5 {[%clk 1:31:23]} 4. Nd2 {[%clk 1:30:47]}
cxd4 {[%clk 1:31:17]} 5. cxd4 {[%clk 1:31:03]} dxe4 {[%clk 1:31:32]} 6. Nxe4
{[%clk 1:31:05]} Bb4+ {[%clk 1:31:48]} 7. Nc3 {[%clk 1:29:37]} Nc6 {[%clk
1:31:11]} 8. Nf3 {[%clk 1:29:47]} Nf6 {[%clk 1:29:29]} 9. Bd3 {[%clk 1:28:27]}
O-O {[%clk 1:24:51]} 10. O-O {[%clk 1:28:30]} b6 {[%clk 1:14:36]} 11. Ne4
{[%clk 1:11:59]} Be7 {[%clk 1:10:56]} 12. Nxf6+ {[%clk 0:56:22]} Bxf6 {[%clk
1:11:02]} 13. Bxh7+ {[%clk 0:55:39]} Kxh7 {[%clk 1:07:52]} 14. Qc2+ {[%clk
0:55:57]} Kg8 {[%clk 1:08:17]} 15. Qxc6 {[%clk 0:56:15]} Ba6 {[%clk 1:08:35]}
16. Re1 {[%clk 0:56:30]} Rc8 {[%clk 0:59:54]} 17. Qe4 {[%clk 0:54:38]} Bc4
{[%clk 0:42:42]} 18. Qg4 {[%clk 0:47:58]} Bd5 {[%clk 0:40:10]} 19. Ne5 {[%clk
0:43:15]} Rc2 {[%clk 0:38:03]} 20. Bh6 {[%clk 0:33:45]} Kh7 {[%clk 0:28:08]}
21. Qh3 {[%clk 0:33:31]} Rc8 {[%clk 0:18:14]} 22. Bg5+ {[%clk 0:19:14]} Kg8
{[%clk 0:18:36]} 23. Bxf6 {[%clk 0:19:36]} Qxf6 {[%clk 0:18:19]} 24. Nd7 {[%clk
0:20:01]} Qxd4 {[%clk 0:18:41]} 25. Nxf8 {[%clk 0:20:26]} Rxf8 {[%clk 0:19:06]}
26. b3 {[%clk 0:19:04]} a5 {[%clk 0:15:12]} 27. Qe3 {[%clk 0:15:50]} Qb4 {[%clk
0:15:24]} 28. Red1 {[%clk 0:14:50]} Qg4 {[%clk 0:09:52]} 29. f3 {[%clk
0:14:54]} Qb4 {[%clk 0:10:06]} 30. Rd4 {[%clk 0:12:57]} Qa3 {[%clk 0:06:58]}
31. Qc1 {[%clk 0:13:15]} Qe7 {[%clk 0:07:20]} 32. Qc3 {[%clk 0:12:22]} Qa7
{[%clk 0:03:54]} 33. Rc1 {[%clk 0:11:57]} b5 {[%clk 0:03:16]} 34. Qc5 {[%clk
0:12:16]} Qa6 {[%clk 0:03:45]} 35. Rh4 {[%clk 0:10:04]} Qa8 36. Qxb5 {[%clk
0:09:15]} Rc8 {[%clk 0:01:22]} 37. Rxc8+ {[%clk 0:02:24]} Qxc8 {[%clk 0:01:51]}
38. h3 {[%clk 0:02:38]} Qc1+ {[%clk 0:00:51]} 39. Qf1 {[%clk 0:02:38]} Qe3+
{[%clk 0:00:55]} 40. Qf2 {[%clk 0:03:00]} Qc1+ {[%clk 0:01:01]} 41. Kh2 {[%clk
0:03:14]} Qc7+ {[%clk 0:23:50]} 42. Qg3 {[%clk 0:34:04]} Qb6 {[%clk 0:24:16]}
43. Rg4 {[%clk 0:33:12]} 1-0

[Event "Deutsche Ländermeisterschaft 2014"]
[Site "Hannover GER"]
[Date "2014.10.06"]
[Round "6"]
[White "Moses, Selina"]
[Black "Kopylov, Daniel"]
[Result "1/2-1/2"]
[Termination "normal"]
[Board "5.5"]
[WhiteElo "1908"]
[BlackElo "1851"]
[WhiteClock "00:09:01"]
[BlackClock "00:34:47"]
[WhiteTeam "Sachsen"]
[BlackTeam "Schleswig-Holstein"]
[PlyCount "91"]
[WhiteFideId "12908070"]
[BlackFideId "12921971"]
[EventCountry "GER"]
[EventRounds "7"]
[EventType "team-swiss"]
[EventDate "2014.10.02"]

1. e4 {[%clk 1:30:58]} c5 {[%clk 1:30:46]} 2. Nf3 {[%clk 1:31:22]} d6 {[%clk
1:30:57]} 3. d4 {[%clk 1:31:43]} cxd4 {[%clk 1:30:59]} 4. Nxd4 {[%clk 1:32:07]}
Nf6 {[%clk 1:31:02]} 5. Nc3 {[%clk 1:32:26]} Nc6 {[%clk 1:30:42]} 6. Bg5 {[%clk
1:32:28]} e6 {[%clk 1:30:41]} 7. Qd2 {[%clk 1:32:07]} Be7 {[%clk 1:30:31]} 8.
f3 {[%clk 1:30:18]} O-O {[%clk 1:25:55]} 9. O-O-O {[%clk 1:24:17]} Nxd4 {[%clk
1:25:34]} 10. Qxd4 {[%clk 1:24:42]} Qa5 {[%clk 1:25:38]} 11. Be3 {[%clk
1:23:05]} e5 {[%clk 1:18:13]} 12. Qd2 {[%clk 1:22:56]} Be6 {[%clk 1:18:21]} 13.
Kb1 {[%clk 1:22:18]} Kh8 {[%clk 1:16:51]} 14. g4 {[%clk 1:19:27]} Rfc8 {[%clk
1:13:03]} 15. Nd5 {[%clk 1:14:44]} Qxd2 {[%clk 1:11:56]} 16. Rxd2 {[%clk
1:15:12]} Nxd5 {[%clk 1:10:24]} 17. exd5 {[%clk 1:15:35]} Bd7 {[%clk 1:10:40]}
18. Bd3 {[%clk 0:56:29]} Rf8 {[%clk 1:01:07]} 19. h4 {[%clk 0:50:34]} f5 {[%clk
0:53:43]} 20. g5 {[%clk 0:50:41]} Bd8 {[%clk 0:53:01]} 21. Re1 {[%clk 0:46:58]}
Bb6 {[%clk 0:48:26]} 22. Bxb6 {[%clk 0:34:56]} axb6 {[%clk 0:47:41]} 23. c4
{[%clk 0:35:10]} Rae8 {[%clk 0:47:07]} 24. Rde2 {[%clk 0:33:45]} Re7 {[%clk
0:46:03]} 25. b3 {[%clk 0:25:26]} Be8 {[%clk 0:45:11]} 26. f4 {[%clk 0:20:00]}
Bh5 {[%clk 0:44:13]} 27. Re3 {[%clk 0:20:16]} e4 {[%clk 0:44:24]} 28. Bc2
{[%clk 0:20:15]} Bg4 {[%clk 0:41:22]} 29. a4 {[%clk 0:18:23]} h6 {[%clk
0:39:42]} 30. Rh1 {[%clk 0:18:19]} g6 {[%clk 0:39:26]} 31. gxh6 {[%clk
0:11:57]} Rh7 {[%clk 0:39:03]} 32. Bd1 {[%clk 0:12:13]} Bxd1 {[%clk 0:39:13]}
33. Rxd1 {[%clk 0:12:39]} Rxh6 {[%clk 0:39:35]} 34. Rh1 {[%clk 0:13:05]} Kg7
{[%clk 0:39:42]} 35. Kc2 {[%clk 0:13:18]} Kf6 {[%clk 0:39:13]} 36. Kc3 {[%clk
0:13:11]} Rfh8 {[%clk 0:39:23]} 37. Reh3 {[%clk 0:13:29]} R6h7 {[%clk 0:39:26]}
38. Kd4 {[%clk 0:13:34]} Re7 {[%clk 0:38:17]} 39. Re3 {[%clk 0:13:11]} Kg7
{[%clk 0:38:38]} 40. Rh2 {[%clk 0:07:43]} Kh6 {[%clk 0:37:50]} 41. Rg2 {[%clk
0:08:07]} Rg8 {[%clk 0:35:33]} 42. Rg1 {[%clk 0:07:33]} Kh5 {[%clk 0:33:50]}
43. Rg5+ {[%clk 0:07:57]} Kh6 {[%clk 0:34:10]} 44. Rg1 {[%clk 0:08:20]} Kh5
{[%clk 0:34:20]} 45. Rg5+ {[%clk 0:08:45]} Kh6 {[%clk 0:34:47]} 46. Rg1 {[%clk
0:09:01]} 1/2-1/2

[Event "Deutsche Ländermeisterschaft 2014"]
[Site "Hannover GER"]
[Date "2014.10.06"]
[Round "6"]
[White "Köhler, Inken"]
[Black "Preißler, Niklas"]
[Result "1/2-1/2"]
[Termination "normal"]
[Board "5.6"]
[WhiteElo "1718"]
[BlackElo "1795"]
[WhiteClock "00:23:27"]
[BlackClock "00:31:42"]
[WhiteTeam "Schleswig-Holstein"]
[BlackTeam "Sachsen"]
[PlyCount "65"]
[WhiteFideId "12929301"]
[BlackFideId "12927554"]
[EventCountry "GER"]
[EventRounds "7"]
[EventType "team-swiss"]
[EventDate "2014.10.02"]

1. e4 {[%clk 1:30:57]} c5 {[%clk 1:30:54]} 2. d4 {[%clk 1:31:20]} cxd4 {[%clk
1:31:18]} 3. c3 {[%clk 1:31:44]} Nf6 {[%clk 1:31:26]} 4. e5 {[%clk 1:31:42]}
Nd5 {[%clk 1:31:37]} 5. Nf3 {[%clk 1:30:57]} Nc6 {[%clk 1:31:41]} 6. cxd4
{[%clk 1:30:44]} d6 {[%clk 1:31:57]} 7. Bc4 {[%clk 1:27:44]} Nb6 {[%clk
1:32:06]} 8. Bb3 {[%clk 1:25:20]} dxe5 {[%clk 1:32:13]} 9. dxe5 {[%clk
1:24:53]} Qxd1+ {[%clk 1:31:44]} 10. Bxd1 {[%clk 1:25:02]} Bg4 {[%clk 1:29:04]}
11. h3 {[%clk 1:18:09]} Bh5 {[%clk 1:26:20]} 12. O-O {[%clk 1:12:14]} e6 {[%clk
1:22:45]} 13. Bf4 {[%clk 1:09:16]} Be7 {[%clk 1:13:03]} 14. Nbd2 {[%clk
1:08:17]} Bg6 {[%clk 1:07:38]} 15. Be2 {[%clk 1:06:41]} O-O {[%clk 1:07:38]}
16. Nc4 {[%clk 1:04:32]} Nxc4 {[%clk 1:07:00]} 17. Bxc4 {[%clk 1:04:45]} Rac8
{[%clk 1:06:58]} 18. Rfd1 {[%clk 1:02:05]} Rfd8 {[%clk 1:02:46]} 19. Bb3 {[%clk
0:59:23]} h6 {[%clk 0:58:00]} 20. Rac1 {[%clk 0:54:52]} Rxd1+ {[%clk 0:54:47]}
21. Rxd1 {[%clk 0:53:23]} Rd8 {[%clk 0:55:02]} 22. Rc1 {[%clk 0:50:24]} Bb4
{[%clk 0:49:20]} 23. Ba4 {[%clk 0:48:38]} Be4 {[%clk 0:46:36]} 24. a3 {[%clk
0:36:37]} Ba5 {[%clk 0:46:20]} 25. b4 {[%clk 0:36:25]} Bb6 {[%clk 0:46:44]} 26.
Nd2 {[%clk 0:32:06]} Bd5 {[%clk 0:44:39]} 27. Nb3 {[%clk 0:31:00]} Nd4 {[%clk
0:42:31]} 28. Nxd4 {[%clk 0:30:09]} Bxd4 {[%clk 0:42:56]} 29. Rc2 {[%clk
0:30:01]} a6 {[%clk 0:37:26]} 30. Rd2 {[%clk 0:28:04]} Bb6 {[%clk 0:37:00]} 31.
Rc2 {[%clk 0:24:53]} Bd4 {[%clk 0:33:56]} 32. Rd2 {[%clk 0:23:30]} Bb6 {[%clk
0:31:42]} 33. Rc2 {[%clk 0:23:27]} 1/2-1/2

[Event "Deutsche Ländermeisterschaft 2014"]
[Site "Hannover GER"]
[Date "2014.10.06"]
[Round "6"]
[White "Bui, Ngoc Han Julia"]
[Black "Rosmait, Emily"]
[Result "0-1"]
[Termination "normal"]
[Board "5.7"]
[WhiteElo "1492"]
[BlackElo "1821"]
[WhiteClock "00:11:43"]
[BlackClock "00:34:29"]
[WhiteTeam "Sachsen"]
[BlackTeam "Schleswig-Holstein"]
[PlyCount "46"]
[WhiteFideId "12977055"]
[BlackFideId "12937754"]
[EventCountry "GER"]
[EventRounds "7"]
[EventType "team-swiss"]
[EventDate "2014.10.02"]

1. e4 {[%clk 1:30:58]} e5 {[%clk 1:30:43]} 2. Nf3 {[%clk 1:31:18]} Nc6 {[%clk
1:31:07]} 3. Nc3 {[%clk 1:31:32]} Nf6 {[%clk 1:31:30]} 4. d4 {[%clk 1:31:47]}
exd4 {[%clk 1:30:54]} 5. Nxd4 {[%clk 1:32:04]} Bb4 {[%clk 1:29:35]} 6. Nxc6
{[%clk 1:31:56]} Bxc3+ {[%clk 1:27:00]} 7. bxc3 {[%clk 1:32:07]} bxc6 {[%clk
1:25:46]} 8. Bd3 {[%clk 1:32:08]} O-O {[%clk 1:25:30]} 9. O-O {[%clk 1:30:29]}
Re8 {[%clk 1:25:15]} 10. Bg5 {[%clk 1:28:11]} h6 {[%clk 1:24:17]} 11. f4 {[%clk
0:50:15]} hxg5 {[%clk 1:12:23]} 12. fxg5 {[%clk 0:50:18]} Nxe4 {[%clk 1:08:54]}
13. Qf3 {[%clk 0:48:52]} Nxg5 {[%clk 0:57:26]} 14. Qh5 {[%clk 0:48:12]} Re6
{[%clk 0:52:08]} 15. Bc4 {[%clk 0:36:11]} d5 {[%clk 0:51:06]} 16. Bd3 {[%clk
0:29:45]} Rh6 {[%clk 0:48:05]} 17. Qe2 {[%clk 0:29:06]} Be6 {[%clk 0:47:58]}
18. Rab1 {[%clk 0:26:41]} Qd6 {[%clk 0:46:31]} 19. g3 {[%clk 0:18:43]} Qc5+
{[%clk 0:42:07]} 20. Kh1 {[%clk 0:18:19]} Ne4 {[%clk 0:36:56]} 21. Bxe4 {[%clk
0:17:37]} dxe4 {[%clk 0:37:20]} 22. Qd2 {[%clk 0:12:46]} e3 {[%clk 0:35:14]}
23. Qd4 {[%clk 0:11:43]} Qh5 {[%clk 0:34:29]} 0-1

[Event "Deutsche Ländermeisterschaft 2014"]
[Site "Hannover GER"]
[Date "2014.10.06"]
[Round "6"]
[White "Kitze, Alexander"]
[Black "Ruff, Maximilian"]
[Result "1-0"]
[Termination "normal"]
[Board "6.1"]
[WhiteElo "2060"]
[BlackElo "2188"]
[WhiteTeam "Sachsen-Anhalt"]
[BlackTeam "Baden 2"]
[PlyCount "121"]
[WhiteFideId "12914827"]
[BlackFideId "1271670"]
[EventCountry "GER"]
[EventRounds "7"]
[EventType "team-swiss"]
[EventDate "2014.10.02"]

1. e4 c5 2. Nf3 e6 3. d4 cxd4 4. Nxd4 a6 5. Bd3 Nc6 6. Nxc6 dxc6 7. O-O e5 8.
Be3 Nf6 9. h3 Be6 10. a4 Nd7 11. Qe2 Bc5 12. Nd2 O-O 13. Bc4 Qe7 14. Bxe6 Qxe6
15. Bxc5 Nxc5 16. b4 Nd7 17. Qc4 Qg6 18. Nf3 Rfe8 19. Nh4 Qf6 20. Nf5 g6 21.
Nh6+ Kg7 22. Ng4 Qe7 23. Rfd1 Nf8 24. b5 axb5 25. axb5 Rac8 26. Ra7 h5 27. Ne3
Ne6 28. bxc6 Rxc6 29. Qxc6 bxc6 30. Rxe7 Rxe7 31. c3 Nc5 32. f3 Rd7 33. Rxd7
Nxd7 34. Kf2 Kf6 35. h4 Nc5 36. g3 Na4 37. Nd1 Ke6 38. Ke3 Kd6 39. Kd3 Kc5 40.
g4 f6 41. gxh5 gxh5 42. Ne3 Nb2+ 43. Kc2 Nc4 44. Nf5 Kb5 45. Kd3 Nb2+ 46. Kd2
Nc4+ 47. Ke2 Ka4 48. Ng3 Kb3 49. Nxh5 Kxc3 50. Nxf6 Nd6 51. h5 Nf7 52. Ke3 c5
53. Ng4 c4 54. h6 Kb3 55. h7 c3 56. Nxe5 c2 57. Kd2 Nh8 58. f4 c1=Q+ 59. Kxc1
Kc3 60. f5 Kd4 61. Ng6 1-0

[Event "Deutsche Ländermeisterschaft 2014"]
[Site "Hannover GER"]
[Date "2014.10.06"]
[Round "6"]
[White "Rahnfeld, Jens"]
[Black "Heinemann, Josefine"]
[Result "1/2-1/2"]
[Termination "normal"]
[Board "6.2"]
[WhiteElo "2089"]
[BlackElo "2043"]
[WhiteTeam "Baden 2"]
[BlackTeam "Sachsen-Anhalt"]
[PlyCount "43"]
[WhiteFideId "12939617"]
[BlackFideId "12900460"]
[EventCountry "GER"]
[EventRounds "7"]
[EventType "team-swiss"]
[EventDate "2014.10.02"]

1. e4 c5 2. Nf3 e6 3. d4 cxd4 4. Nxd4 Nc6 5. Nc3 Qc7 6. Be3 a6 7. Be2 Nf6 8. a3
Be7 9. f4 O-O 10. O-O d6 11. Qe1 Nxd4 12. Bxd4 e5 13. Be3 exf4 14. Bxf4 Be6 15.
Kh1 Nd7 16. Qd2 Ne5 17. Nd5 Bxd5 18. exd5 Rac8 19. c3 Bf6 20. Rad1 g6 21. Bd3
Bg7 22. Qf2 1/2-1/2

[Event "Deutsche Ländermeisterschaft 2014"]
[Site "Hannover GER"]
[Date "2014.10.06"]
[Round "6"]
[White "Pallas, Sebastian"]
[Black "Boes, Julian"]
[Result "1/2-1/2"]
[Termination "normal"]
[Board "6.3"]
[WhiteElo "1947"]
[BlackElo "1845"]
[WhiteTeam "Sachsen-Anhalt"]
[BlackTeam "Baden 2"]
[PlyCount "108"]
[WhiteFideId "12905453"]
[BlackFideId "12907723"]
[EventCountry "GER"]
[EventRounds "7"]
[EventType "team-swiss"]
[EventDate "2014.10.02"]

1. e4 c5 2. Nf3 a6 3. c3 Qa5 4. Be2 d6 5. O-O Nf6 6. d3 Nbd7 7. Nbd2 b5 8. d4
e6 9. Bd3 Bb7 10. Qe2 c4 11. Bc2 Be7 12. Re1 e5 13. Nf1 O-O 14. Ng3 g6 15. Ng5
Qc7 16. Nh3 Rfd8 17. f4 Bf8 18. f5 Bg7 19. d5 Rf8 20. Be3 Rab8 21. fxg6 hxg6
22. Ng5 Bc8 23. Nh1 Nc5 24. Nf2 Rb7 25. Rad1 Nh7 26. Nxh7 Kxh7 27. g4 f6 28.
Qf3 Rb8 29. Kf1 Nb7 30. Ke2 Qf7 31. h4 Bh6 32. Rh1 Bxe3 33. Qxe3 Nc5 34. Rdg1
Bd7 35. g5 f5 36. exf5 Bxf5 37. Bxf5 Qxf5 38. Ng4 Qc2+ 39. Qd2 Qe4+ 40. Qe3
Qc2+ 41. Qd2 Qxd2+ 42. Kxd2 Ne4+ 43. Ke3 Rf4 44. Rh3 Rbf8 45. Rg2 Kg7 46. a3 a5
47. Ke2 Rf1 48. Nf6 Rf4 49. Nxe4 Rxe4+ 50. Kd2 Rh8 51. Rgh2 Rf4 52. Ke2 Rh5 53.
Ke3 a4 54. Rh1 Kg8 1/2-1/2

[Event "Deutsche Ländermeisterschaft 2014"]
[Site "Hannover GER"]
[Date "2014.10.06"]
[Round "6"]
[White "Wiesner, Alexander"]
[Black "Stein, Robert"]
[Result "1/2-1/2"]
[Termination "normal"]
[Board "6.4"]
[WhiteElo "1791"]
[BlackElo "1885"]
[WhiteTeam "Baden 2"]
[BlackTeam "Sachsen-Anhalt"]
[PlyCount "75"]
[WhiteFideId "12943991"]
[BlackFideId "12921084"]
[EventCountry "GER"]
[EventRounds "7"]
[EventType "team-swiss"]
[EventDate "2014.10.02"]

1. e4 e5 2. Nf3 Nc6 3. d4 exd4 4. Nxd4 Nf6 5. Nc3 Bb4 6. Nxc6 bxc6 7. Bd3 d5 8.
exd5 cxd5 9. O-O O-O 10. Bg5 c6 11. Qf3 Be7 12. Rfe1 Rb8 13. Rab1 Be6 14. Ne2
Qd7 15. Nd4 h6 16. Bf5 Bxf5 17. Nxf5 hxg5 18. Rxe7 Qd8 19. Qc3 Qb6 20. Nh6+
gxh6 21. Qxf6 c5 22. Qe5 Rbd8 23. Re1 a6 24. b3 Qg6 25. Qc3 Qc6 26. h3 Rd6 27.
Qe5 d4 28. Re8 Rxe8 29. Qxe8+ Kg7 30. Qe5+ Rf6 31. h4 Kg6 32. hxg5 hxg5 33. Qb8
Re6 34. Qg8+ Kf6 35. Qd8+ Kg6 36. Qg8+ Kf6 37. Qd8+ Kg6 38. Qg8+ 1/2-1/2